Ročenka Geologického ústavu Dionýza Štúra

New Title: Ročenka - Geologická služba Slovenskej republiky
Ročenka - Štátny Geologický ústav Dionýza Štúra
Corporate Author: Geologický ústav Dionýza Štúra
Language: Slovak
Published: Bratislava : Geologický ústav Dionýza Štúra, 1974-
Physical Description: ^^^sv.
Subscribed years: 1991
Newspaper or Journal
Saved in:
LEADER 00789nas a22002292a 4500
001 000928540
003 CZ BrMZK
005 20090309171644.0
007 ta
008 090129c19749999xo ar|p||||||||||||0slo d
040 |a BOA001  |b cze 
245 0 0 |a Ročenka Geologického ústavu Dionýza Štúra 
260 |a Bratislava :  |b Geologický ústav Dionýza Štúra,  |c 1974- 
300 |a ^^^sv. 
310 |a Ročenka 
710 2 |a Geologický ústav Dionýza Štúra  |7 ko2003195948 
785 0 0 |t Ročenka - Geologická služba Slovenskej republiky 
785 0 0 |t Ročenka - Štátny Geologický ústav Dionýza Štúra 
910 |a BOA001  |b 2-0984.295  |r 1991 
990 |a SE 
991 |b 200901 
996 6 |b 2619347335  |c 2-0984.295  |d 1991  |y 1991  |l MZK  |r Sklad / do 1 hodiny  |n 0  |w 000928540  |u 000010  |a 1  |e BOA001  |j MZK50  |s P